| 000 | 00586nam a2200193 a 4500 | ||
|---|---|---|---|
| 005 | 20210223121404.0 | ||
| 008 | 991125s1979 mx 000 0 spa u | ||
| 020 | _a9685825173 | ||
| 035 | _aUPN01000016821 | ||
| 049 | _aCG | ||
| 050 | 4 | _aB4591 R6.3 | |
| 100 | 1 | _aRovira, María del Carmen | |
| 245 | 1 | 0 |
_aEclécticos portugueses del siglo XVIII y algunas de sus influencias en América / _cMaría del Carmen Rovira. |
| 260 |
_aMéxico : _bUNAM, _c1979. |
||
| 300 | _a236 p. | ||
| 440 | 0 | _aSeminario de filosofía moderna | |
| 650 | 4 |
_aFILOSOFIA PORTUGUESA _917742 |
|
| 905 | _aLibro | ||
| 999 |
_c16821 _d16821 |
||